Geography | 1 | 2 | 0 | 1 | 35 | 70 | 97.00 | 1 | 3 |
Science - Physics | 0 | 3 | 0 | 0 | 30 | 113 | 117.33 | 0 | 3 |
Social Science | 0 | 3 | 1 | 1 | 25 | 80 | 96.67 | 2 | 3 |
History - American History | 0 | 3 | 1 | 1 | 25 | 81 | 102.00 | 0 | 3 |
Beliefs | 0 | 2 | 0 | 2 | 20 | 128 | 139.00 | 0 | 2 |
Other Science: Earth Science | 0 | 2 | 0 | 2 | 20 | 133 | 141.50 | 0 | 2 |
| 0 | 2 | 0 | 1 | 20 | 90 | 108.50 | 1 | 2 |
Fine Arts - Visual Fine Arts | 0 | 2 | 1 | 2 | 15 | 138 | 138.50 | 1 | 2 |
History - European History | 0 | 1 | 0 | 0 | 10 | 108 | 108.00 | 0 | 1 |
Science - Biology | 0 | 2 | 2 | 2 | 10 | 138 | 139.50 | 0 | 2 |
Fine Arts - Auditory Fine Arts | 0 | 1 | 0 | 0 | 10 | 145 | 145.00 | 0 | 1 |
History - World History | 0 | 1 | 0 | 1 | 10 | 139 | 139.00 | 0 | 1 |
Other Science: Astronomy | 0 | 1 | 0 | 1 | 10 | 138 | 138.00 | 0 | 1 |
Philosophy | 0 | 1 | 0 | 0 | 10 | 90 | 90.00 | 1 | 1 |
Other Arts: Visual | 0 | 0 | 0 | 0 | 0 | | 0.00 | 0 | 0 |
Literature - American Literature | 0 | 0 | 0 | 0 | 0 | | 0.00 | 0 | 0 |
Current Events | 0 | 0 | 0 | 0 | 0 | | 0.00 | 0 | 0 |